<?xml version="1.0" encoding="UTF-8"?>
<record
    xmlns:xsi="http://www.w3.org/2001/XMLSchema-instance"
    xsi:schemaLocation="http://www.loc.gov/MARC21/slim http://www.loc.gov/standards/marcxml/schema/MARC21slim.xsd"
    xmlns="http://www.loc.gov/MARC21/slim">

  <leader>01174nam a22001457a 4500</leader>
  <datafield tag="999" ind1=" " ind2=" ">
    <subfield code="c">518528</subfield>
    <subfield code="d">518528</subfield>
  </datafield>
  <controlfield tag="008">210928b           ||||| |||| 00| 0 eng d</controlfield>
  <datafield tag="100" ind1=" " ind2=" ">
    <subfield code="a">Kannan, K. P. </subfield>
    <subfield code="9">29595</subfield>
  </datafield>
  <datafield tag="245" ind1=" " ind2=" ">
    <subfield code="a">Social security in the lockdown: A time to revisit the NCEUS recommendations</subfield>
  </datafield>
  <datafield tag="260" ind1=" " ind2=" ">
    <subfield code="a">The Indian Journal of Labour Economics  </subfield>
  </datafield>
  <datafield tag="300" ind1=" " ind2=" ">
    <subfield code="a">63(1), Oct, 2020: p.139-144</subfield>
  </datafield>
  <datafield tag="520" ind1=" " ind2=" ">
    <subfield code="a">In normal times the meaning of social security is somewhat restricted. It is about the absence or presence of some fallback mechanisms when in distress of one kind or another, as, for example, unemployment, sickness, accident/death, old age, etc. In countries with endemic poverty such as India, social security also refers to such protective schemes as Public Distribution System (PDS) for essential food, mid-day meals for children in schools, supplementary nutrition for children in pre-school age group, public employment and so on. The first set of measures are for meeting situations of adversity, while the second are measures for meeting situations of deficiency. &#x2013; Reproduced </subfield>
  </datafield>
  <datafield tag="773" ind1=" " ind2=" ">
    <subfield code="a">The Indian Journal of Labour Economics</subfield>
  </datafield>
  <datafield tag="906" ind1=" " ind2=" ">
    <subfield code="a">COVID-19 (DISEASE) - ECONOMIC ASPECTS</subfield>
  </datafield>
  <datafield tag="942" ind1=" " ind2=" ">
    <subfield code="c">AR</subfield>
  </datafield>
  <datafield tag="952" ind1=" " ind2=" ">
    <subfield code="0">0</subfield>
    <subfield code="1">0</subfield>
    <subfield code="2">ddc</subfield>
    <subfield code="4">0</subfield>
    <subfield code="7">0</subfield>
    <subfield code="9">392597</subfield>
    <subfield code="a">IIPA</subfield>
    <subfield code="b">IIPA</subfield>
    <subfield code="d">2021-09-28</subfield>
    <subfield code="h">63(1), Oct, 2020: p.139-144</subfield>
    <subfield code="p">AR125658</subfield>
    <subfield code="r">2021-09-28</subfield>
    <subfield code="y">AR</subfield>
  </datafield>
</record>
